| 000 | 00601cam a22002171 4500 | ||
|---|---|---|---|
| 001 | med47000896 | ||
| 003 | DLC | ||
| 005 | 20260227111601.0 | ||
| 008 | 810725s1946 xx 000 0 eng | ||
| 010 | _amed47000896 | ||
| 035 | _a(OCoLC)14750719 | ||
| 040 |
_aDLC _cDNLM _dOCedC _dDLC |
||
| 042 | _apremarc | ||
| 050 | 0 | 0 |
_aQP38 _b.B78 |
| 060 | 0 |
_aQT 180 _bB877g 1946 |
|
| 100 | 1 |
_aBrown, Arthur I. _q(Arthur Isaac), _d1897- |
|
| 245 | 1 | 0 |
_aGod's masterpiece _b man's body ... |
| 260 |
_aFindlay, Ohio, _bFundamental truth pub. _c[c1946] |
||
| 300 | _a352 p. | ||
| 650 | 0 |
_aPhysiology _xPopular works. |
|
| 999 |
_c38209 _d38209 |
||